| 000 | 00446cam a2200181ua 4500 | ||
|---|---|---|---|
| 041 |
_aeng _h |
||
| 082 |
_a425 _bTHO/PR |
||
| 100 | _aThomson, A J . | ||
| 245 |
_aPractical english grammar / _cA V Martinet. _hTextual Documents |
||
| 250 |
_a4 / _b. |
||
| 260 |
_aDelhi : _bOxford University Press , _c1986. |
||
| 300 | _a383 ; . | ||
| 504 | _a | ||
| 700 | 1 | _aMartinet, A V . | |
| 942 | _cBK | ||
| 999 |
_c3269 _d3269 |
||